Components of technical writing / (Record no. 188516)
[ view plain ]
| 000 -LEADER | |
|---|---|
| fixed length control field | 00685 a2200193 4500 |
| 003 - CONTROL NUMBER IDENTIFIER | |
| control field | Nust |
| 005 - DATE AND TIME OF LATEST TRANSACTION | |
| control field | 20230127121106.0 |
| 010 ## - LIBRARY OF CONGRESS CONTROL NUMBER | |
| LC control number | 87027869 |
| 020 ## - INTERNATIONAL STANDARD BOOK NUMBER | |
| International Standard Book Number | 0030286220 |
| 040 ## - CATALOGING SOURCE | |
| Transcribing agency | Nust |
| 082 00 - DEWEY DECIMAL CLASSIFICATION NUMBER | |
| Classification number | 808,FEI |
| 100 1# - MAIN ENTRY--PERSONAL NAME | |
| Personal name | Feinberg, Susan. |
| 9 (RLIN) | 107881 |
| 245 10 - TITLE STATEMENT | |
| Title | Components of technical writing / |
| Statement of responsibility, etc. | Susan Feinberg. |
| 260 ## - PUBLICATION, DISTRIBUTION, ETC. | |
| Place of publication, distribution, etc. | New York : |
| Name of publisher, distributor, etc. | Holt, Rinehart, and Winston, |
| Date of publication, distribution, etc. | c1989. |
| 300 ## - PHYSICAL DESCRIPTION | |
| Extent | xvi, 539 p. : |
| Other physical details | ill. ; |
| Dimensions | 24 cm. |
| 505 ## - FORMATTED CONTENTS NOTE | |
| Formatted contents note | Unit.1: The Components of Technical Writhing (Page-1), Unit.2: The Components of Technical Reports (Page-155), Unit.3: The Components of Professional Communication (Page-383). |
| 650 #0 - SUBJECT ADDED ENTRY--TOPICAL TERM | |
| Topical term or geographic name entry element | Technical writing. |
| 942 ## - ADDED ENTRY ELEMENTS (KOHA) | |
| Source of classification or shelving scheme | |
| Koha item type | Book |
| Call number prefix | 808,FEI |
| Withdrawn status | Lost status | Source of classification or shelving scheme | Damaged status | Not for loan | Permanent Location | Current Location | Shelving location | Date acquired | Full call number | Barcode | Date last seen | Price effective from | Koha item type | Public note |
|---|---|---|---|---|---|---|---|---|---|---|---|---|---|---|
| Military College of Signals (MCS) | Military College of Signals (MCS) | General Stacks | 12/12/2016 | 808,FEI | MCS5011 | 12/08/2016 | 12/12/2016 | Book | Almirah No. 56, Shelf No.1 |
